[Event "Managua Arellano Memorial"]
[Site "Managua"]
[Date "2023.07.30"]
[Round "5"]
[White "Castillo Sevilla, Ian Eiffel"]
[Black "Flores, Manuel"]
[Result "1-0"]
[WhiteElo "2096"]
[BlackElo "1824"]
[PlyCount "39"]
[EventDate "2023.07.22"]
[EventType "swiss"]
[EventRounds "9"]
[EventCountry "NCA"]
[SourceTitle "EXT 2024"]
[Source "ChessBase"]
[SourceDate "2023.10.10"]
[SourceVersion "1"]
[SourceVersionDate "2023.10.10"]
[SourceQuality "1"]

1. d4 d5 2. Nf3 Nf6 3. g3 e6 4. Bg2 c5 5. 0-0 Nc6 6. b3 cxd4 7. Nxd4 Bc5 8. Nxc6 bxc6 9. Bb2 0-0 10. Nc3 a5 11. Na4 Ba7 12. Bd4 Nd7 13. c4 Ba6 14. Rc1 Bxd4 15. Qxd4 Rb8 16. Rfd1 Rb4 17. Qa7 Nb8 18. e4 Re8 19. cxd5 Re7 20. dxc6 1-0

[Event "Managua Arellano Memorial"]
[Site "Managua"]
[Date "2023.07.23"]
[Round "2"]
[White "Rios Borgen, Edgard Jose"]
[Black "Castillo Sevilla, Ian Eiffel"]
[Result "0-1"]
[WhiteElo "1749"]
[BlackElo "2096"]
[PlyCount "146"]
[EventDate "2023.07.22"]
[EventType "swiss"]
[EventRounds "9"]
[EventCountry "NCA"]
[SourceTitle "EXT 2024"]
[Source "ChessBase"]
[SourceDate "2023.10.10"]
[SourceVersion "1"]
[SourceVersionDate "2023.10.10"]
[SourceQuality "1"]

1. e4 c5 2. Nf3 g6 3. d4 cxd4 4. Nxd4 Bg7 5. Be3 Nc6 6. Nc3 Nf6 7. Nxc6 bxc6 8. e5 Ng8 9. f4 Nh6 10. Bc4 Nf5 11. Bf2 h5 12. 0-0 0-0 13. Qd3 d5 14. Bb3 Qa5 15. Rfe1 Ba6 16. Qd2 e6 17. Ne4 Qxd2 18. Nxd2 Rfc8 19. c4 Bh6 20. g3 Bf8 21. Rac1 Bb4 22. Red1 d4 23. Ne4 c5 24. h3 Kg7 25. Rd3 Bb7 26. Ng5 Ba5 27. Bd1 Bd8 28. Bf3 Rab8 29. b3 Bxg5 30. Bxb7 Rxb7 31. fxg5 a5 32. Kg2 Ne7 33. Kf3 Nc6 34. Ke4 a4 35. Be1 axb3 36. Rxb3 Rxb3 37. axb3 Ra8 38. Rb1 Ra2 39. b4 Re2+ 40. Kf3 Re3+ 41. Kf2 cxb4 42. Bxb4 Nxe5 43. Be7 f5 44. Bf6+ Kf7 45. Rb7+ Kf8 46. Rb8+ Kf7 47. Rb7+ Ke8 48. Rb8+ Kd7 49. Rd8+ Kc6 50. Rxd4 Re4 51. Rxe4 Nd3+ 52. Ke3 fxe4 53. Kxe4 Nc5+ 54. Kd4 Nb3+ 55. Ke5 Kd7 56. h4 Na5 57. c5 Nc6+ 58. Kf4 Ke8 59. g4 hxg4 60. Kxg4 Kf7 61. h5 gxh5+ 62. Kxh5 e5 63. Kh6 e4 64. Kh7 e3 65. Bc3 e2 66. g6+ Ke6 67. g7 Ne7 68. Be1 Kd5 69. Bf2 Kc6 70. Bh4 Kc7 71. Kh8 Ng6+ 72. Kh7 Nxh4 73. g8Q e1Q 0-1

[Event "Titled Tuesday intern op 04th Jul Early"]
[Site "Chess.com INT"]
[Date "2023.07.04"]
[Round "1"]
[White "Castillo Sevilla, Ian Eiffel"]
[Black "Filgueira, Hernan"]
[Result "0-1"]
[WhiteElo "2096"]
[BlackElo "2283"]
[PlyCount "78"]
[EventDate "2023.07.04"]
[EventType "swiss (blitz)"]
[EventRounds "11"]
[EventCountry "USA"]
[SourceTitle "EXT 2024"]
[Source "ChessBase"]
[SourceDate "2023.10.10"]
[SourceVersion "1"]
[SourceVersionDate "2023.10.10"]
[SourceQuality "1"]

1. d4 e6 2. Bf4 b6 3. e3 Bb7 4. Nf3 Nf6 5. h3 d6 6. Nbd2 Nbd7 7. Bh2 g6 8. Be2 Bg7 9. 0-0 0-0 10. a4 a5 11. c3 Qe7 12. Nc4 Kh8 13. Qc2 Be4 14. Qb3 h6 15. Rfd1 g5 16. Ncd2 Bd5 17. Bc4 Bb7 18. Bd3 g4 19. hxg4 Nxg4 20. Bg3 Bf6 21. e4 Rg8 22. Re1 e5 23. dxe5 Ngxe5 24. Nxe5 Bxe5 25. Bxe5+ Nxe5 26. Bf1 Qf6 27. Re3 Rg6 28. Rae1 Rag8 29. Qd1 Bc8 30. Qh5 Bg4 31. Qh2 Bf3 32. Qh1 Bxg2 33. Bxg2 Rxg2+ 34. Qxg2 Rxg2+ 35. Kxg2 Qg5+ 36. Kf1 Qh5 37. f3 Qh2 38. R1e2 Qf4 39. Kf2 Ng4+ 0-1

[Event "NCA-ch final"]
[Site "Managua"]
[Date "2022.03.06"]
[Round "2"]
[White "Rocha, Maximiliano"]
[Black "Castillo Sevilla, Ian Eiffel"]
[Result "0-1"]
[WhiteElo "2117"]
[BlackElo "2062"]
[PlyCount "108"]
[EventDate "2022.03.05"]
[EventType "tourn"]
[EventRounds "11"]
[EventCountry "NCA"]
[SourceTitle "EXT 2023"]
[Source "ChessBase"]
[SourceDate "2022.10.05"]
[SourceVersion "1"]
[SourceVersionDate "2022.10.05"]
[SourceQuality "1"]

1. e4 c6 2. d4 d5 3. e5 c5 4. dxc5 Nc6 5. Nf3 Bg4 6. c3 e6 7. Be3 Bxf3 8. Qxf3 Nxe5 9. Bb5+ Nc6 10. 0-0 Nf6 11. c4 Be7 12. Nc3 0-0 13. cxd5 Nxd5 14. Rfd1 Qa5 15. Nxd5 exd5 16. a4 a6 17. Bd3 Rad8 18. Rdc1 Ne5 19. Bxh7+ Kxh7 20. Qh5+ Kg8 21. Qxe5 Bf6 22. Qf4 Bxb2 23. Bd2 Be5 24. Qxe5 Qxd2 25. Rd1 Qb4 26. Rd4 Qc3 27. Re1 Rde8 28. Qxe8 Rxe8 29. Rxe8+ Kh7 30. Rh4+ Kg6 31. Rg4+ Kh7 32. Rh4+ Kg6 33. Rg4+ Kh7 34. g3 Qxc5 35. Rd8 f5 36. Rf4 Kg6 37. Kg2 b5 38. Ra8 Qc6 39. Rd8 bxa4 40. Rd4 Kf6 41. f4 Ke7 42. Rb8 a3 43. Kh3 a2 44. Rd1 Qc3 45. Rb7+ Kf8 46. Rxd5 Kg8 47. Rb8+ Kh7 48. Rxf5 a1Q 49. Rh5+ Kg6 50. Rg5+ Kf7 51. Rb7+ Ke8 52. Rb8+ Kd7 53. Ra8 Qf1+ 54. Kg4 Qff3+ 0-1

[Event "Managua Hurtado Memorial op"]
[Site "Managua"]
[Date "2021.12.27"]
[Round "3"]
[White "Castillo Sevilla, Ian Eiffel"]
[Black "Vanegas Lopez, Natanael Emanuel"]
[Result "1-0"]
[WhiteElo "2032"]
[BlackElo "1882"]
[PlyCount "101"]
[EventDate "2021.12.26"]
[EventType "swiss"]
[EventRounds "9"]
[EventCountry "NCA"]
[SourceTitle "CBM 206 Extra"]
[Source "ChessBase"]
[SourceDate "2022.03.31"]
[SourceVersion "1"]
[SourceVersionDate "2022.03.31"]
[SourceQuality "1"]

1. d4 Nf6 2. Nf3 d5 3. c4 e6 4. g3 Be7 5. Bg2 0-0 6. 0-0 dxc4 7. Qc2 Nc6 8. Qxc4 Re8 9. Nc3 Nd5 10. Rd1 Nb6 11. Qd3 Bf6 12. Bf4 Qe7 13. Ne4 Nd5 14. Nxf6+ Qxf6 15. Bg5 Qg6 16. Qxg6 hxg6 17. Rac1 a5 18. e4 Ndb4 19. a3 Na6 20. d5 exd5 21. exd5 Ne5 22. Bf4 Bg4 23. Bxe5 Bxf3 24. Bxf3 Rxe5 25. d6 cxd6 26. Rxd6 Rb8 27. Rb6 Nc5 28. b4 axb4 29. axb4 Na4 30. Rd6 Rb5 31. Rc7 Rxb4 32. Bd5 Rf8 33. Rdd7 Nb6 34. Bxf7+ Kh7 35. Rd6 Rb1+ 36. Kg2 Rb2 37. Rxb7 Nc8 38. Bxg6+ Kh6 39. Rxb2 Nxd6 40. Rb6 Rf6 41. Bd3 Ne8 42. Rxf6+ Nxf6 43. h4 g5 44. hxg5+ Kxg5 45. f4+ Kg4 46. Be2+ Kf5 47. Kf3 Nd5 48. g4+ Kf6 49. g5+ Kg6 50. Bc4 Ne7 51. Kg4 1-0

[Event "Titled Tuesday intern op 21st Dec"]
[Site "Chess.com INT"]
[Date "2021.12.21"]
[Round "8"]
[White "Castillo Sevilla, Ian Eiffel"]
[Black "Kejzar, Petra"]
[Result "0-1"]
[WhiteElo "2032"]
[BlackElo "2072"]
[PlyCount "70"]
[EventDate "2021.12.21"]
[EventType "swiss (blitz)"]
[EventRounds "11"]
[EventCountry "USA"]
[SourceTitle "CBM 205 Extra"]
[Source "ChessBase"]
[SourceDate "2022.01.31"]
[SourceVersion "1"]
[SourceVersionDate "2022.01.31"]
[SourceQuality "1"]

1. d4 Nf6 2. Nf3 e6 3. c4 d5 4. g3 dxc4 5. Bg2 c5 6. 0-0 Nc6 7. Qa4 cxd4 8. Nxd4 Qxd4 9. Bxc6+ Bd7 10. Bxd7+ Qxd7 11. Qxc4 Rc8 12. Qb3 Be7 13. Rd1 Qc6 14. Be3 h5 15. Na3 0-0 16. Rac1 Qe4 17. f3 Qg6 18. Qxb7 Rxc1 19. Rxc1 Bxa3 20. bxa3 h4 21. Kf2 hxg3+ 22. hxg3 Nd5 23. Bxa7 Qh6 24. Rg1 Qd2 25. Qb3 Ra8 26. Bc5 Rc8 27. Bb4 Qd4+ 28. Kg2 Ne3+ 29. Kh2 Rc2 30. Re1 Qe5 31. Qd3 Qh5+ 32. Kg1 Qg5 33. Kf2 Nf5 34. Rg1 Rxa2 35. Qc3 Qd8 0-1

[Event "Titled Tuesday intern op 21st Dec"]
[Site "Chess.com INT"]
[Date "2021.12.21"]
[Round "2"]
[White "Munoz Galvez, Jhon Edison"]
[Black "Castillo Sevilla, Ian Eiffel"]
[Result "1-0"]
[WhiteElo "2276"]
[BlackElo "2032"]
[PlyCount "53"]
[EventDate "2021.12.21"]
[EventType "swiss (blitz)"]
[EventRounds "11"]
[EventCountry "USA"]
[SourceTitle "CBM 205 Extra"]
[Source "ChessBase"]
[SourceDate "2022.01.31"]
[SourceVersion "1"]
[SourceVersionDate "2022.01.31"]
[SourceQuality "1"]

1. d4 Nf6 2. c4 e6 3. Nc3 Bb4 4. e3 b6 5. Nge2 Bb7 6. a3 Be7 7. d5 exd5 8. cxd5 0-0 9. e4 d6 10. f3 Nbd7 11. Nd4 Re8 12. Be3 Bf8 13. Qd2 a6 14. Bc4 g6 15. 0-0 Bg7 16. Rac1 b5 17. Ba2 Nb6 18. Nce2 Qe7 19. Nc6 Bxc6 20. Rxc6 Nxe4 21. fxe4 Qxe4 22. Rf3 Nc4 23. Bxc4 bxc4 24. Rxc7 Rab8 25. Nc3 Bxc3 26. Qxc3 Rb3 27. Qf6 1-0

[Event "Titled Tuesday intern op 14th Dec"]
[Site "Chess.com INT"]
[Date "2021.12.14"]
[Round "7"]
[White "Brunner, Nicolas"]
[Black "Castillo Sevilla, Ian Eiffel"]
[Result "0-1"]
[WhiteElo "2415"]
[BlackElo "2032"]
[PlyCount "158"]
[EventDate "2021.12.14"]
[EventType "swiss (blitz)"]
[EventRounds "11"]
[EventCountry "USA"]
[SourceTitle "EXT 2023"]
[Source "ChessBase"]
[SourceDate "2022.10.05"]
[SourceVersion "1"]
[SourceVersionDate "2022.10.05"]
[SourceQuality "1"]

1. d4 Nf6 2. c4 e6 3. g3 Bb4+ 4. Bd2 a5 5. Nf3 0-0 6. Bg2 d5 7. Qc2 b6 8. 0-0 Ba6 9. b3 Nbd7 10. Bf4 Rc8 11. a3 Bd6 12. Be5 Ne4 13. Nc3 Nxc3 14. Qxc3 Nxe5 15. dxe5 Be7 16. Rfd1 c6 17. e4 Qe8 18. Nd2 dxc4 19. Nxc4 Bxc4 20. Qxc4 Rd8 21. f4 c5 22. Kh1 Qc6 23. a4 Rxd1+ 24. Rxd1 Rd8 25. Rxd8+ Bxd8 26. f5 Be7 27. h4 g6 28. f6 Bd8 29. Qd3 Bc7 30. Kh2 h6 31. Qd2 Kh7 32. Qf4 Qd7 33. Bf3 Qd4 34. Kh3 Qxe5 35. Qxe5 Bxe5 36. h5 Bxf6 37. hxg6+ Kxg6 38. Kg4 Be5 39. Be2 h5+ 40. Kh4 Bf6+ 41. Kh3 Be5 42. Kh4 Bf6+ 43. Kh3 Bg5 44. Bb5 f6 45. Be8+ Kh6 46. Bf7 e5 47. Be6 Be3 48. Bf5 Bg5 49. Be6 Be3 50. Bf5 Kg5 51. Be6 Bf2 52. Kg2 Be1 53. Kh3 h4 54. gxh4+ Bxh4 55. Kg2 Kf4 56. Bd5 Ke3 57. Kh3 Bg5 58. Kg4 Kd4 59. Kf5 Bh4 60. Ke6 Bg5 61. Kd7 f5 62. Kc6 fxe4 63. Bc4 e3 64. Kxb6 Bd8+ 65. Kc6 Kc3 66. Kd7 Kd2 67. Kxd8 e2 68. Bxe2 Kxe2 69. Kd7 Kd2 70. Kc6 e4 71. Kxc5 e3 72. Kb5 e2 73. Kxa5 e1Q 74. b4 Kd3 75. Kb5 Kd4 76. a5 Qe5+ 77. Kb6 Kd5 78. b5 Kd6 79. Kb7 Qxb5+ 0-1

[Event "Titled Tuesday intern op 23rd Nov"]
[Site "Chess.com INT"]
[Date "2021.11.23"]
[Round "4"]
[White "Castillo Sevilla, Ian Eiffel"]
[Black "Gabdushev, Ruslan"]
[Result "0-1"]
[WhiteElo "2019"]
[BlackElo "2256"]
[PlyCount "72"]
[EventDate "2021.11.23"]
[EventType "swiss (blitz)"]
[EventRounds "11"]
[EventCountry "USA"]
[SourceTitle "CBM 205 Extra"]
[Source "ChessBase"]
[SourceDate "2022.01.31"]
[SourceVersion "1"]
[SourceVersionDate "2022.01.31"]
[SourceQuality "1"]

1. d4 c6 2. Bf4 h6 3. e3 d6 4. Nd2 g5 5. Bg3 Bg7 6. h3 h5 7. Ngf3 Qa5 8. Be2 Nd7 9. c3 h4 10. Bh2 Nf8 11. a4 g4 12. hxg4 Bxg4 13. Qb3 Qb6 14. Ng5 Qxb3 15. Nxb3 Bd7 16. a5 Ne6 17. Nf3 h3 18. gxh3 Rxh3 19. 0-0-0 Nf6 20. a6 bxa6 21. Bg3 Rxh1 22. Rxh1 Ne4 23. Bxa6 Nxg3 24. fxg3 Rb8 25. Nbd2 c5 26. Rh7 Kf8 27. Bc4 Kg8 28. Rh5 cxd4 29. exd4 Rc8 30. Ra5 Rc7 31. Bd5 Nxd4 32. Nxd4 Bxd4 33. Nc4 Bf2 34. Nd2 Bxg3 35. Kc2 Bf4 36. Nf3 Bf5+ 0-1

[Event "Titled Tuesday intern op 23rd Nov"]
[Site "Chess.com INT"]
[Date "2021.11.23"]
[Round "10"]
[White "Castillo Sevilla, Ian Eiffel"]
[Black "Karavaeva, Olga"]
[Result "0-1"]
[WhiteElo "2019"]
[BlackElo "2260"]
[PlyCount "62"]
[EventDate "2021.11.23"]
[EventType "swiss (blitz)"]
[EventRounds "11"]
[EventCountry "USA"]
[SourceTitle "CBM 205 Extra"]
[Source "ChessBase"]
[SourceDate "2022.01.31"]
[SourceVersion "1"]
[SourceVersionDate "2022.01.31"]
[SourceQuality "1"]

1. Nf3 d5 2. d4 e6 3. g3 c6 4. Bg2 Nf6 5. c4 dxc4 6. Ne5 Nbd7 7. Nxc4 Be7 8. 0-0 0-0 9. Bf4 Nd5 10. Nc3 Nxf4 11. gxf4 Bf6 12. Rc1 Qe7 13. e4 g6 14. Re1 Rd8 15. e5 Bg7 16. Qb3 Rb8 17. Ne4 f5 18. Ned6 a6 19. Nb6 Nxb6 20. Qxb6 Bd7 21. Qb3 Be8 22. a4 Bf7 23. a5 Rxd6 24. exd6 Qxd6 25. Rcd1 Qxf4 26. Qg3 Qxg3 27. hxg3 g5 28. Bf3 Rd8 29. Re2 Bxd4 30. Red2 e5 31. Be2 Bb3 0-1

[Event "Titled Tuesday intern op 23rd Nov"]
[Site "Chess.com INT"]
[Date "2021.11.23"]
[Round "7"]
[White "Castillo Sevilla, Ian Eiffel"]
[Black "Mirzanurov, Bulat"]
[Result "0-1"]
[WhiteElo "2019"]
[BlackElo "2238"]
[PlyCount "52"]
[EventDate "2021.11.23"]
[EventType "swiss (blitz)"]
[EventRounds "11"]
[EventCountry "USA"]
[SourceTitle "CBM 205 Extra"]
[Source "ChessBase"]
[SourceDate "2022.01.31"]
[SourceVersion "1"]
[SourceVersionDate "2022.01.31"]
[SourceQuality "1"]

1. d4 d5 2. Bf4 Nf6 3. e3 e6 4. Nd2 Bd6 5. Bxd6 Qxd6 6. f4 c5 7. c3 cxd4 8. cxd4 Qb6 9. Bd3 Nc6 10. Ngf3 Qxb2 11. 0-0 0-0 12. a3 Qc3 13. Qe2 Ne7 14. Rfc1 Qa5 15. Rab1 Nf5 16. Bxf5 exf5 17. Ne5 Qxa3 18. Ndf3 b6 19. Rc7 Ba6 20. Qc2 Qxe3+ 21. Kh1 Ne4 22. Re1 Qxf4 23. Nd7 Rfc8 24. Nfe5 h5 25. Nf6+ gxf6 26. g3 Qf2 0-1

[Event "Titled Tuesday intern op 23rd Nov"]
[Site "Chess.com INT"]
[Date "2021.11.23"]
[Round "2"]
[White "Castillo Sevilla, Ian Eiffel"]
[Black "Mustafayev, Farid Farman Oglu"]
[Result "0-1"]
[WhiteElo "2019"]
[BlackElo "2299"]
[PlyCount "50"]
[EventDate "2021.11.23"]
[EventType "swiss (blitz)"]
[EventRounds "11"]
[EventCountry "USA"]
[SourceTitle "CBM 205 Extra"]
[Source "ChessBase"]
[SourceDate "2022.01.31"]
[SourceVersion "1"]
[SourceVersionDate "2022.01.31"]
[SourceQuality "1"]

1. d4 d5 2. Bf4 Nf6 3. e3 c5 4. c3 Nc6 5. Nd2 g6 6. Ngf3 Bg7 7. Bb5 cxd4 8. cxd4 0-0 9. 0-0 Qb6 10. Qb3 Na5 11. Qa4 a6 12. Bd3 Bd7 13. Qa3 Rfc8 14. Rfc1 Bf8 15. b4 Nc6 16. Rab1 e6 17. Qb3 Qd8 18. b5 Na5 19. Qb2 axb5 20. Bxb5 Nc4 21. Nxc4 dxc4 22. Bxc4 Ba3 23. Qxb7 Bxc1 24. Rxc1 Ra4 25. Qb3 Nd5 0-1

[Event "Titled Tuesday intern op 23rd Nov"]
[Site "Chess.com INT"]
[Date "2021.11.23"]
[Round "11"]
[White "Gedgafov, Chamal"]
[Black "Castillo Sevilla, Ian Eiffel"]
[Result "0-1"]
[WhiteElo "2202"]
[BlackElo "2019"]
[PlyCount "80"]
[EventDate "2021.11.23"]
[EventType "swiss (blitz)"]
[EventRounds "11"]
[EventCountry "USA"]
[SourceTitle "CBM 205 Extra"]
[Source "ChessBase"]
[SourceDate "2022.01.31"]
[SourceVersion "1"]
[SourceVersionDate "2022.01.31"]
[SourceQuality "1"]

1. d4 Nf6 2. Bf4 d5 3. e3 c5 4. c3 Qb6 5. Qb3 c4 6. Qc2 Nc6 7. Nd2 g6 8. Ngf3 Bf5 9. Qc1 Bg7 10. Be2 0-0 11. h3 Rfc8 12. Bd1 Qd8 13. Bc2 b5 14. 0-0 a5 15. Re1 b4 16. e4 Nxe4 17. Nxe4 Bxe4 18. Bxe4 dxe4 19. Ng5 bxc3 20. bxc3 e5 21. dxe5 Nxe5 22. Bxe5 Bxe5 23. Nxe4 Bg7 24. Qe3 Qd3 25. Rad1 Qxe3 26. Rxe3 Rd8 27. Ree1 Rab8 28. Kf1 f5 29. Nc5 Bxc3 30. Rxd8+ Rxd8 31. Rc1 Bb4 32. Na6 c3 33. Nxb4 axb4 34. a3 bxa3 35. Rxc3 a2 36. Rc1 Rb8 37. Ke2 Rb1 38. Rc8+ Kg7 39. Rc7+ Kh6 40. Rc6 a1Q 0-1

[Event "NCA-chT final"]
[Site "Managua"]
[Date "2021.10.31"]
[Round "9.3"]
[White "Godoy Barbosa, Jaime"]
[Black "Castillo Sevilla, Ian Eiffel"]
[Result "0-1"]
[WhiteElo "1466"]
[BlackElo "2019"]
[PlyCount "58"]
[EventDate "2021.10.16"]
[EventType "team-tourn"]
[EventRounds "11"]
[EventCountry "NCA"]
[SourceTitle "EXT 2023"]
[Source "ChessBase"]
[SourceDate "2022.10.05"]
[SourceVersion "1"]
[SourceVersionDate "2022.10.05"]
[SourceQuality "1"]
[WhiteTeam "Surnrise CC"]
[BlackTeam "Academia Ramirez de Arellano"]
[WhiteTeamCountry "NCA"]
[BlackTeamCountry "NCA"]

1. Nf3 d5 2. c4 e6 3. cxd5 exd5 4. d4 Nf6 5. Nc3 Bd6 6. e3 Bf5 7. Be2 0-0 8. 0-0 c6 9. h3 Nbd7 10. Bd3 Bxd3 11. Qxd3 Qe7 12. b3 Rae8 13. Bb2 Ne4 14. Ne2 f5 15. g3 g5 16. Kg2 Rf6 17. Rg1 g4 18. Nd2 gxh3+ 19. Kf1 Rh6 20. Rh1 Ndf6 21. Nf4 Nxf2 22. Kxf2 Ng4+ 23. Kg1 h2+ 24. Kf1 Nxe3+ 25. Kf2 Ng4+ 26. Kf1 Bxf4 27. gxf4 Qh4 28. Qf3 Re3 29. Qg2 Rg3 0-1

[Event "NCA-ch U20"]
[Site "Managua"]
[Date "2021.07.03"]
[Round "5"]
[White "Castillo Sevilla, Ian Eiffel"]
[Black "Alvarez Gutierrez, Patricia"]
[Result "1-0"]
[WhiteElo "2004"]
[BlackElo "1637"]
[PlyCount "73"]
[EventDate "2021.06.26"]
[EventType "swiss"]
[EventRounds "9"]
[EventCountry "NCA"]
[SourceTitle "EXT 2022"]
[Source "ChessBase"]
[SourceDate "2021.10.06"]
[SourceVersion "1"]
[SourceVersionDate "2021.10.06"]
[SourceQuality "1"]

1. Nf3 Nf6 2. g3 d5 3. Bg2 c5 4. 0-0 h6 5. c4 e6 6. cxd5 exd5 7. d4 Nc6 8. Nc3 Be6 9. b3 Bd6 10. dxc5 Bxc5 11. Bb2 0-0 12. Rc1 Qe7 13. Na4 Bd6 14. Nd4 Nxd4 15. Qxd4 b6 16. Rfd1 Rac8 17. h3 Rfd8 18. Rxc8 Rxc8 19. e4 Bc5 20. Nxc5 bxc5 21. Qe5 d4 22. f4 Nd7 23. Qh5 Nf6 24. Qf3 Qb7 25. Qd3 Qb6 26. Kh2 a5 27. f5 Bd7 28. e5 Bb5 29. Qd2 Nd7 30. Re1 Re8 31. Qf4 Bd3 32. e6 fxe6 33. Rxe6 Rxe6 34. Bd5 Nf8 35. fxe6 Nxe6 36. Qg4 Kf7 37. Qf3+ 1-0

[Event "Titled Tuesday intern op 09th Mar"]
[Site "Chess.com INT"]
[Date "2021.03.09"]
[Round "1"]
[White "Castillo Sevilla, Ian Eiffel"]
[Black "Garcia Garcia, Alejandro"]
[Result "1-0"]
[WhiteElo "1981"]
[BlackElo "2247"]
[PlyCount "119"]
[EventDate "2021.03.09"]
[EventType "swiss (blitz)"]
[EventRounds "11"]
[EventCountry "USA"]
[SourceTitle "CBM 201 Extra"]
[Source "ChessBase"]
[SourceDate "2021.05.31"]
[SourceVersion "1"]
[SourceVersionDate "2021.05.31"]
[SourceQuality "1"]

1. d4 Nf6 2. Bf4 g6 3. Nc3 Bg7 4. e4 d6 5. Qd2 h6 6. 0-0-0 g5 7. Bg3 Nh5 8. f3 Nc6 9. Bf2 e5 10. Nge2 exd4 11. Nxd4 Nxd4 12. Bxd4 Bxd4 13. Qxd4 Qf6 14. Nd5 Qxd4 15. Rxd4 Kd8 16. Bc4 Be6 17. Rhd1 c6 18. Ne3 Bxc4 19. Nxc4 Kc7 20. Nxd6 f6 21. Nf5 Nf4 22. Rd7+ Kb6 23. g3 Ne6 24. R7d6 Rae8 25. b3 h5 26. Kb2 h4 27. a4 hxg3 28. hxg3 Rh2 29. Rd7 a5 30. Rxb7+ Kxb7 31. Nd6+ Kb6 32. Nxe8 Rf2 33. Rd3 Nc5 34. Rc3 Nd7 35. Nd6 Ne5 36. Nc4+ Nxc4+ 37. bxc4 Kc5 38. Kb3 Rg2 39. g4 Rg1 40. Rd3 Rb1+ 41. Ka2 Rb4 42. Ka3 Rxc4 43. c3 Kb6 44. Kb3 Rc5 45. Rd6 Re5 46. Rxf6 Re7 47. Rf5 Re8 48. Rxg5 Rf8 49. Rf5 Rg8 50. e5 c5 51. Kc4 Kc7 52. Rf6 Re8 53. Kxc5 Rxe5+ 54. Kd4 Re2 55. g5 Rd2+ 56. Ke3 Rb2 57. g6 Rg2 58. Rf7+ Kd8 59. g7 Ke8 60. Rf8+ 1-0

[Event "Titled Tuesday intern op 09th Mar"]
[Site "Chess.com INT"]
[Date "2021.03.09"]
[Round "10"]
[White "Cramling Bellon, Anna"]
[Black "Castillo Sevilla, Ian Eiffel"]
[Result "0-1"]
[WhiteElo "2035"]
[BlackElo "1981"]
[PlyCount "66"]
[EventDate "2021.03.09"]
[EventType "swiss (blitz)"]
[EventRounds "11"]
[EventCountry "USA"]
[SourceTitle "CBM 201 Extra"]
[Source "ChessBase"]
[SourceDate "2021.05.31"]
[SourceVersion "1"]
[SourceVersionDate "2021.05.31"]
[SourceQuality "1"]

1. d4 Nf6 2. c4 e6 3. Nc3 Bb4 4. Qc2 d5 5. cxd5 exd5 6. Bg5 0-0 7. e3 h6 8. Bh4 c6 9. Nf3 Bg4 10. Ne5 Be6 11. Bd3 Nbd7 12. 0-0 Be7 13. f4 a5 14. f5 Nxe5 15. dxe5 Bd7 16. exf6 gxf6 17. Qf2 Bd6 18. e4 b6 19. Kh1 d4 20. Ne2 c5 21. Nf4 b5 22. Nh5 Be5 23. Qe2 Kh7 24. Rf3 c4 25. Bb1 d3 26. Qd2 Re8 27. Rh3 Bc6 28. Ng3 Rg8 29. Qd1 Qd4 30. Qh5 Qe3 31. Qxh6+ Qxh6 32. Bxf6 Qxh3 33. gxh3 Bxf6 0-1